000
00311nam a22001337a 4500
008
170220b xxu||||| |||| 00| 0 eng d
020
_a
9780534925796
041
_a
eng
080
_a
61
100
_a
4
101
_a
SHM
245
_a
STRATEGIC MANAGEMENT OF HEALTH CARE ORGANIZATIONS
_c
DUNCAN
942
_2
udc
_c
BK
999
_c
5841
_d
5841